Central Library and Information Centre
Sibsagar Girls' College, Sivasagar : Assam

PROPERTIES OF MATTER (Record no. 7031)

MARC details
000 -LEADER
fixed length control field 00431cam a2200181ua 4500
008 - FIXED-LENGTH DATA ELEMENTS--GENERAL INFORMATION
fixed length control field 120713n1993 II |||gr||||Z||||||eng
040 ## - CATALOGING SOURCE
Original cataloging agency MAIN
041 ## - LANGUAGE CODE
-- English
082 ## - DEWEY DECIMAL CLASSIFICATION NUMBER
Classification number 530.412 LAL
100 ## - MAIN ENTRY--PERSONAL NAME
Personal name LAL, BRIJ.
245 ## - TITLE STATEMENT
Title PROPERTIES OF MATTER
260 ## - PUBLICATION, DISTRIBUTION, ETC.
Place of publication, distribution, etc. NEW DELHI
Name of publisher, distributor, etc. EURASIA PUBLISHING HOUSE
Date of publication, distribution, etc. 1993
300 ## - PHYSICAL DESCRIPTION
Extent 472:
Dimensions 22CM.
700 ## - ADDED ENTRY--PERSONAL NAME
Personal name SUBRAHMANYAM.
942 ## - ADDED ENTRY ELEMENTS (KOHA)
Koha item type Books
653 ## - INDEX TERM--UNCONTROLLED
Uncontrolled term Properties of Matters
Holdings
Withdrawn status Lost status Damaged status Not for loan Collection code Home library Current library Shelving location Date acquired Full call number Barcode Date last seen Copy number Price effective from Koha item type Public note
        TBPHY Central Library and Information Centre Sibsagar Girls College Central Library and Information Centre Sibsagar Girls College PHYSICS BOOK RACK 05.02.1997 530.412 LAL 14677 27.02.2020 1 27.02.2020 Books V


Sibsagar Girl's College © 2020. All rights reserved.
Powered by Koha.
Maintained by Abhijit Borpuzari.